000 00362nam a2200133Ia 4500
008 191206s9999 xx 000 0 und d
020 _a1779221711
090 _aDT2996.S234
245 0 _a"Zimbabwe's lost decade: politics, development & society"
260 _aWeaver Press
260 _ccc2011
300 _a"xvi, 227 p. ; 21 cm."
999 _c17366
_d17366